Statistics for 2013-2014 NBA Statistical Leaders

Click here to take the quiz!

General Stats

  • This quiz has been taken 78 times
  • The average score is 23 of 51

Answer Stats

Answer% Correct
Kevin Durant
100%
LeBron James
100%
Russell Westbrook
95%
Stephen Curry
95%
Chris Paul
92%
James Harden
89%
Klay Thompson
84%
Carmelo Anthony
80%
Dwight Howard
77%
Gerald Green
75%
Tim Duncan
75%
Blake Griffin
73%
DeAndre Jordan
73%
Paul George
66%
Damian Lillard
64%
Anthony Davis
63%
Kawhi Leonard
63%
Kevin Love
56%
Michael Carter-Williams
56%
Joakim Noah
55%
DeMarcus Cousins
52%
John Wall
52%
Andre Drummond
50%
Kyle Lowry
50%
Jimmy Butler
47%
Serge Ibaka
47%
DeMar DeRozan
44%
LaMarcus Aldridge
44%
J.R. Smith
38%
Jeff Teague
31%
Robin Lopez
30%
Paul Millsap
28%
Andrew Bogut
25%
Ricky Rubio
25%
Roy Hibbert
22%
Thaddeus Young
22%
Zach Randolph
22%
Terrence Jones
17%
Al Jefferson
14%
Ty Lawson
14%
Wesley Matthews
14%
Brandon Jennings
13%
Kenneth Faried
13%
Lance Stephenson
8%
Jameer Nelson
6%
Jose Calderon
6%
Nicolas Batum
6%
Corey Brewer
3%
John Henson
3%
Mason Plumlee
2%
Randy Foye
2%

Score Distribution

Percentile by Number Answered

Percent of People with Each Score

Your Score History

You have not taken this quiz